<?xml version="1.0" encoding="UTF-8"?>
<record
    xmlns:xsi="http://www.w3.org/2001/XMLSchema-instance"
    xsi:schemaLocation="http://www.loc.gov/MARC21/slim http://www.loc.gov/standards/marcxml/schema/MARC21slim.xsd"
    xmlns="http://www.loc.gov/MARC21/slim">

  <leader>01169nam a2200277 a 4500</leader>
  <controlfield tag="005">20180803165420.0</controlfield>
  <controlfield tag="008">160210s2008    ck abdofr|||| 00| 0 spa d</controlfield>
  <datafield tag="020" ind1=" " ind2=" ">
    <subfield code="a">9789587161243</subfield>
  </datafield>
  <datafield tag="040" ind1=" " ind2=" ">
    <subfield code="a">CO-BoIAVH </subfield>
    <subfield code="c">CO-BoIAVH </subfield>
  </datafield>
  <datafield tag="041" ind1="0" ind2=" ">
    <subfield code="a">spa</subfield>
  </datafield>
  <datafield tag="044" ind1=" " ind2=" ">
    <subfield code="a">ck</subfield>
  </datafield>
  <datafield tag="082" ind1="0" ind2="4">
    <subfield code="a">628.16</subfield>
    <subfield code="b">S44c</subfield>
  </datafield>
  <datafield tag="110" ind1="2" ind2=" ">
    <subfield code="b">Bogot&#xE1;.</subfield>
    <subfield code="b">Secretar&#xED;a Distrital de Ambiente.</subfield>
  </datafield>
  <datafield tag="245" ind1="1" ind2="0">
    <subfield code="a">Calidad del sistema h&#xED;drico de Bogot&#xE1;/</subfield>
    <subfield code="c">Pontificia Universidad Javeriana, Alcald&#xED;a Mayor de Bogot&#xE1; , Empresa de acueducto y Alcantarillado de Bogot&#xE1;</subfield>
  </datafield>
  <datafield tag="260" ind1=" " ind2=" ">
    <subfield code="a">Bogot&#xE1; :</subfield>
    <subfield code="b">Pontificia Universidad Javeriana :</subfield>
    <subfield code="b">Alcald&#xED;a Mayor de Bogot&#xE1; :</subfield>
    <subfield code="b">Empresa de acueducto y Alcantarillado de Bogot&#xE1;,</subfield>
    <subfield code="c">2008.</subfield>
  </datafield>
  <datafield tag="300" ind1=" " ind2=" ">
    <subfield code="a">359 p&#xE1;ginas :</subfield>
    <subfield code="b">Ilustraciones (algunas a color), mapas, gr&#xE1;ficas y fotograf&#xED;as ;</subfield>
    <subfield code="c">29 x 23 cm.</subfield>
  </datafield>
  <datafield tag="504" ind1=" " ind2=" ">
    <subfield code="a">Incluye referencias bibliogr&#xE1;ficas p&#xE1;ginas 329-331 y glosario.</subfield>
  </datafield>
  <datafield tag="650" ind1="1" ind2="6">
    <subfield code="a">Recursos h&#xED;dricos</subfield>
  </datafield>
  <datafield tag="650" ind1="2" ind2="6">
    <subfield code="a">Calidad del agua</subfield>
  </datafield>
  <datafield tag="662" ind1=" " ind2=" ">
    <subfield code="c">Canal Torca</subfield>
    <subfield code="d">Bogot&#xE1;</subfield>
  </datafield>
  <datafield tag="662" ind1=" " ind2=" ">
    <subfield code="c">R&#xED;o Salitre</subfield>
    <subfield code="d">Bogot&#xE1;</subfield>
  </datafield>
  <datafield tag="662" ind1=" " ind2=" ">
    <subfield code="c">R&#xED;o Fucha</subfield>
    <subfield code="d">Bogot&#xE1;</subfield>
  </datafield>
  <datafield tag="662" ind1=" " ind2=" ">
    <subfield code="c">R&#xED;o Tunjuelito</subfield>
    <subfield code="d">Bogot&#xE1;</subfield>
  </datafield>
  <datafield tag="662" ind1=" " ind2=" ">
    <subfield code="c">Cuenca media del R&#xED;o Bogot&#xE1;</subfield>
    <subfield code="d">Bogot&#xE1;</subfield>
  </datafield>
  <datafield tag="942" ind1=" " ind2=" ">
    <subfield code="c">LIBRO</subfield>
    <subfield code="2">ddc</subfield>
  </datafield>
  <datafield tag="999" ind1=" " ind2=" ">
    <subfield code="c">6968</subfield>
    <subfield code="d">6968</subfield>
  </datafield>
  <datafield tag="952" ind1=" " ind2=" ">
    <subfield code="0">0</subfield>
    <subfield code="1">0</subfield>
    <subfield code="2">ddc</subfield>
    <subfield code="4">0</subfield>
    <subfield code="7">0</subfield>
    <subfield code="8">GENERAL</subfield>
    <subfield code="I">INV2017</subfield>
    <subfield code="a">Bogota</subfield>
    <subfield code="b">Bogota</subfield>
    <subfield code="d">0000-00-00</subfield>
    <subfield code="e">Instituto</subfield>
    <subfield code="g">39000.00</subfield>
    <subfield code="l">0</subfield>
    <subfield code="o">LB-628.16 S44c</subfield>
    <subfield code="p">027220</subfield>
    <subfield code="r">2012-12-04 00:00:00</subfield>
    <subfield code="t">Ej.1</subfield>
    <subfield code="w">2012-12-04</subfield>
    <subfield code="x">Donaci&#xF3;n</subfield>
    <subfield code="y">LIBRO</subfield>
  </datafield>
</record>
